[Event "Oberliga Wuerttemberg 0708"]
[Site "Wuerttemberg"]
[Date "2008.04.06"]
[Round "8.6"]
[White "Khadempour, Farhad"]
[Black "Mueller, Konrad"]
[Result "1-0"]
[WhiteElo "2143"]
[BlackElo "1962"]
[PlyCount "67"]
[EventDate "2007.10.07"]
[EventType "team-tourn"]
[EventRounds "9"]
[EventCountry "GER"]
[SourceTitle "EXT 2018"]
[Source "ChessBase"]
[SourceDate "2017.10.13"]
[SourceVersion "1"]
[SourceVersionDate "2017.10.13"]
[SourceQuality "1"]
[WhiteTeam "Tuebingen"]
[BlackTeam "Rommelshausen"]
[WhiteTeamCountry "GER"]
[BlackTeamCountry "GER"]

1. c4 Nf6 2. Nc3 g6 3. e4 d6 4. g3 Bg7 5. Bg2 c5 6. Nge2 Nc6 7. 0-0 0-0 8. a3 Ne8 9. Rb1 a5 10. d3 Nd4 11. b4 b6 12. h3 Nc7 13. Be3 Bd7 14. f4 e5 15. Qd2 Ra7 16. g4 f5 17. gxf5 gxf5 18. fxe5 dxe5 19. bxc5 bxc5 20. exf5 Bxf5 21. Ne4 Nce6 22. N2g3 Bg6 23. Rxf8+ Kxf8 24. Qb2 Ke8 25. h4 h6 26. h5 Bf7 27. Qd2 Qh4 28. Rb8+ Kd7 29. Bxh6 Kc7 30. Rb1 Nf4 31. Bxg7 Qe7 32. h6 Bg6 33. Qb2 Bxe4 34. Qb8+ 1-0